000 00548nam a22001577a 4500
005 20251108164704.0
008 250721s9999 xx 000 0 ara d
082 1 4 _a812.9/حسي
100 1 _aمكي، حسين إسماعيل
245 1 0 _aالمدنية الفاضلة :
_bمسرحية فلسفية تدور حوداثها حول فلسفة الفارابي و آرائه /
264 1 _aبيروت :
_bمكتبة الحياه،
_c[19-].
300 _a92ص
650 1 7 _aالمسرحيات العربية
942 _2ddc
_cBK
999 _c11875
_d11875